=LDR 00000nam 2200000 4500 =001 INLIS000000000025195 =005 20130612123725 =008 ***********************************Ind** =035 ##$$0010-061300000025195 =041 ##$$a Ind =082 ##$$a 028.55 =090 ##$$a 028.55, Set k =100 ##$$a Setyawan, Dwianto =245 ##$$a Kesedihan raja pohon, Dwianto Setyawan =260 ##$$a 1996 $b Surabaya =300 ##$$a 92 hlm, ilus, 21 cm =650 ##$$a Bacaan anak-anak =850 ##$$a NBPNMAT